000
00249nam a22001217a 4500
041
_a
ENG
100
_a
Chavan .S
245
_a
Microsoft word 2000
260
_a
Delhi
_b
Unicorn Book
_c
2000
300
_a
499
650
_a
Computer
856
_u
Computer
999
_c
614
_d
614